[Event "Contrecoeur-C"]
[Site "Contrecoeur"]
[Date "2018.11.03"]
[Round "3.1"]
[White "Couture Harpin, Nicolas"]
[Black "Cassista, Jeremie"]
[Result "0-1"]
[WhiteElo "1510"]
[BlackElo "1529"]
[PlyCount "56"]
[EventDate "2018.11.02"]
[EventType "swiss"]
[EventRounds "5"]
[EventCountry "CAN"]
[SourceTitle "EXT 2022"]
[Source "ChessBase"]
[SourceDate "2021.10.06"]
[SourceVersion "1"]
[SourceVersionDate "2021.10.06"]
[SourceQuality "1"]

1. Nf3 Nf6 2. g3 g6 3. c4 Bg7 4. d4 d6 5. Bg2 0-0 6. 0-0 c6 7. Nc3 Qc7 8. Bf4 Nh5 9. Bg5 e5 10. Rc1 f6 11. Bd2 f5 12. dxe5 dxe5 13. e4 f4 14. Ne2 Qe7 15. Qb3 Na6 16. Bc3 Nc5 17. Qa3 g5 18. Nxg5 Qxg5 19. Bf3 fxg3 20. fxg3 Qe3+ 21. Kg2 Rxf3 22. Rxf3 Qxe2+ 23. Rf2 Qxe4+ 24. Kg1 Nd3 25. Qe7 Nxf2 26. Qe8+ Bf8 27. Qxh5 Nh3+ 28. Kf1 Qf5+ 0-1